| 000 | 00829nam a2200181 4500 | ||
|---|---|---|---|
| 005 | 20260219114352.0 | ||
| 010 | _aHIN-131099 | ||
| 020 |
_a9363181724 _c175.00 |
||
| 035 | _aHN-103445 | ||
| 037 | _bDBAD | ||
| 082 | _a305.42 | ||
| 100 |
_aअम्बेडकर, भीमराव _987415 |
||
| 245 |
_aअछूत कौन थे और वे अछूत कैसे बने? / _cभीमराव अम्बेडकर |
||
| 260 |
_aनई दिल्ली _bडायमंड पॉकेट बुक्स (प्रा.) लि. _c2024 |
||
| 270 |
_aX-30 ओखला इंडस्ट्रियल एरिया, फेज-II _b नई दिल्ली _e110020 |
||
| 300 |
_a127पृ. _c22 सेमी (अजिल्द) |
||
| 942 |
_2ddc _cHN _h305.42 _mअम्बेड |
||
| 999 |
_c214874 _d214874 |
||